Huérfano de besos /

Alberto Dallal (1936-), escritor, crítico, investigador y profesor mexicano, que ha incursionado en la danza, la literatura, el periodismo y la televisión. Sus méritos le han llevado a obtener en 1979 el Premio Magda Donato con su obra La danza contra la muerte, y en 1982 el Premio Xavier Villaurrut...

Descripció completa

Guardat en:
Dades bibliogràfiques
Autor principal: Dallal, Alberto (autor)
Format: Llibre
Idioma:espanyol
Publicat: México : Universidad Autónoma Metropolitana Xochimilco, Coordinación de Extensión Universitaria, 2006, c2006
Matèries:
Etiquetes: Afegir etiqueta
Sense etiquetes, Sigues el primer a etiquetar aquest registre!

MARC

LEADER 00000nam^a2200000^a^4500
001 000265108
005 20250521000000.0
009 20260310110706.39
020 |a 970-31-0704-4 
037 |a Acervo ITESO - Biblioteca 
041 |a ESP 
082 |a 863.  |b DAL 
100 |a Dallal, Alberto  |e (autor) 
245 1 0 |a Huérfano de besos /  |c A. Dallal. 
264 4 |a México :  |b Universidad Autónoma Metropolitana Xochimilco, Coordinación de Extensión Universitaria,  |c 2006, c2006 
300 |a 93 p. 
336 |a texto  |b txt  |2 rdacontenido 
337 |a sin mediación  |b n  |2 rdamedio 
338 |a volumen  |b nc  |2 rdasoporte 
520 |a Alberto Dallal (1936-), escritor, crítico, investigador y profesor mexicano, que ha incursionado en la danza, la literatura, el periodismo y la televisión. Sus méritos le han llevado a obtener en 1979 el Premio Magda Donato con su obra La danza contra la muerte, y en 1982 el Premio Xavier Villaurrutia, en la categoría de ensayo con El dancing mexicano. Entre sus cargos destacan el de coordinador de difusión cultural y director de radio en la Universidad Nacional Autónoma de México, director de la Revista mexicana de cultura y director del noticiario Hoy en la cultura del Canal 11. Además de sus obras ya mencionadas, se encuentran Actas referenciales, Huérfanos de besos, El aura del cuerpo, Estudios sobre el arte coreográfico, entre otros. 
649 |a XX 
650 |a Cuentos Mexicanos 
650 |a Literatura Mexicana -  |y Siglo XXI 
910 |a Fondo General 
920 |a Impresos - Libros 
930 |a Colección General 
940 |a Literatura 
905 |a 101 
901 |a 0500147883  |b IT1  |c LIT  |u 20250521 
902 |a https://opac.biblio.iteso.mx/vufind/Record/000265108